000 00362nam a2200157Ia 4500
003 OSt
008 191201s2004 xx 000 0 und d
082 _a658
_bBAT
100 _aBARILETT, Christopher
245 0 _aTransnational Management Text and Cases
250 _a4th
260 _aNew Delhi
_bTMH
_c2004
300 _a850
650 _aMBA
942 _2ddc
_cBK
999 _c4218
_d4218